[Event "Pamplona"]
[Site "Pamplona"]
[Date "1992.??.??"]
[Round "6"]
[White "Damljanovic, Branko"]
[Black "Garcia Ilundain, David"]
[Result "1/2-1/2"]
[WhiteElo "2595"]
[BlackElo "2435"]
[PlyCount "128"]
[EventDate "1992.12.??"]
[Source "ChessBase"]

1. Nf3 Nf6 2. g3 b5 3. Bg2 Bb7 4. O-O e6 5. b3 c5 6. c4 bxc4 7. bxc4 Be7 8. Nc3 Nc6 9. Rb1 Rb8 10. Qa4 O-O 11. d3 Ba8 12. Bf4 Rb4 13. Rxb4 cxb4 14. Nb5 d5 15. Nc7 Qd7 16. Rc1 dxc4 17. Rxc4 Bb7 18. Nd2 Nd4 19. Qxd7 Nxe2+ 20. Kf1 Bxg2+ 21. Kxe2 Nxd7 22. f3 h5 23. Be3 Bh3 24. Na6 Bf5 25. Rc7 Rd8 26. Ne4 Bf8 27. Rxa7 Ne5 28. Bc5 Nxd3 29. Bxf8 Kxf8 30. Ke3 f6 31. Nd2 Kg8 32. Nb3 e5 33. Na5 Rc8 34. Nc7 Kh8 35. Nc6 Bh7 36. Ne7 Rb8 37. Ne6 Nc1 38. Nxg7 Nxa2 39. Nc6 Rf8 40. Nxh5 b3 41. Rb7 Bg6 42. g4 Bxh5 43. gxh5 Rc8 44. Ne7 Rc3+ 45. Kf2 Rc2+ 46. Kg3 Kh7 47. Nf5+ Kg8 48. Rxb3 Nc3 49. Rb8+ Kh7 50. Rb7+ Kh8 51. Ne3 Ne2+ 52. Kg4 Rc6 53. Nd5 Rd6 54. Ne7 Nf4 55. h4 Rd4 56. Kf5 Nxh5 57. Kg6 Nf4+ 58. Kxf6 Rd3 59. Kxe5 Rxf3 60. Ke4 Rf1 61. Rd7 Rf2 62. Ke5 Rf1 63. Rd6 Kh7 64. Ra6 Re1+ 1/2-1/2

[Event "Novgorod op"]
[Site "Novgorod"]
[Date "1999.03.20"]
[Round "2"]
[White "Yandemirov, Valeri"]
[Black "Yemelin, Vasily"]
[Result "1/2-1/2"]
[WhiteElo "2475"]
[BlackElo "2550"]
[PlyCount "35"]
[EventDate "1999.03.19"]
[Source "ChessBase"]
[SourceDate "1999.05.10"]

1. Nf3 Nf6 2. g3 b5 3. Bg2 Bb7 4. O-O e6 5. b3 c5 6. c4 b4 7. d4 cxd4 8. a3 Na6 9. Qxd4 Bc5 10. Qb2 O-O 11. axb4 Nxb4 12. Nc3 d5 13. Na4 Be7 14. Be3 Ne4 15. Rfd1 Bf6 16. Bd4 Qe7 17. Bxf6 Nxf6 18. Ne5 1/2-1/2

[Event "Julian Borowski 4th-B"]
[Site "Essen"]
[Date "2002.05.24"]
[Round "8"]
[White "Appel, Ralf"]
[Black "Rabiega, Robert"]
[Result "1/2-1/2"]
[WhiteElo "2512"]
[BlackElo "2512"]
[PlyCount "97"]
[EventDate "2002.05.16"]
[Source "ChessBase"]
[SourceDate "2002.09.20"]

1. Nf3 Nf6 2. g3 b5 3. d4 Bb7 4. e4 Nxe4 5. Bxb5 e6 6. O-O Be7 7. Re1 O-O 8. Bd3 Nf6 9. Nbd2 c5 10. dxc5 Bxc5 11. Nb3 Bb6 12. Bf1 Ng4 13. Nfd4 Nxf2 14. Kxf2 Qf6+ 15. Kg1 e5 16. Be3 exd4 17. Bxd4 Qc6 18. Kf2 f5 19. Bxb6 f4 20. Bd4 fxg3+ 21. Ke3 gxh2 22. Qh5 h1=Q 23. Qxh1 Qe6+ 24. Kd2 Bxh1 25. Rxe6 dxe6 26. Bh3 Bd5 27. c4 Bxc4 28. Rc1 Bxb3 29. axb3 Rd8 30. Bxe6+ Kh8 31. Kd3 Nd7 32. Rc7 Nf6 33. Kc4 Rd6 34. Bf5 a5 35. Bc3 Ne8 36. Re7 Rb6 37. Kc5 Rxb3 38. Be6 Rbb8 39. Rf7 h5 40. Rf8+ Kh7 41. Bf5+ Kh6 42. Bd2+ g5 43. Rh8+ Kg7 44. Bc3+ Kf7 45. Rh7+ Kf8 46. Rh8+ Kf7 47. Rh7+ Kf8 48. Rh8+ Kf7 49. Rh7+ 1/2-1/2

[Event "Rilton Cup"]
[Site "Stockholm"]
[Date "1988.??.??"]
[Round "?"]
[White "Karlsson, Lars"]
[Black "Rashkovsky, Nukhim N"]
[Result "1/2-1/2"]
[WhiteElo "2520"]
[BlackElo "2500"]
[PlyCount "66"]
[EventDate "1988.??.??"]
[Source "ChessBase"]

1. Nf3 Nf6 2. g3 b5 3. a4 b4 4. Bg2 Bb7 5. O-O g6 6. d3 Bg7 7. Bd2 a5 8. Qc1 O-O 9. Bh6 Bxf3 10. Bxf3 d5 11. Bxg7 Kxg7 12. Nd2 Nbd7 13. Bg2 c5 14. c4 bxc3 15. bxc3 Rb8 16. Qa3 Qc7 17. Rfb1 Rxb1+ 18. Rxb1 e6 19. c4 h5 20. Rb5 h4 21. Qc3 hxg3 22. hxg3 Re8 23. Nf3 Rb8 24. cxd5 Rxb5 25. axb5 exd5 26. e4 Kg8 27. e5 Ne8 28. Bh3 Nf8 29. Ng5 Ng7 30. e6 Ngxe6 31. Bxe6 fxe6 32. Qf6 Qd7 33. b6 a4 1/2-1/2

[Event "Villa de Benasque 19th op"]
[Site "?"]
[Date "1999.??.??"]
[Round "5"]
[White "Jansa Vlastimil"]
[Black "Campora Daniel Hugo"]
[Result "1/2-1/2"]
[WhiteElo "2469"]
[BlackElo "2551"]
[PlyCount "34"]
[EventDate "1999.??.??"]
[Source "www.chesslib.no"]
[SourceDate "2004.05.04"]

1. Nf3 Nf6 2. g3 b5 3. Bg2 Bb7 4. O-O e6 5. c3 c5 6. a4 b4 7. cxb4 cxb4 8. a5 Be7 9. d3 O-O 10. Nbd2 Na6 11. Nb3 d5 12. Be3 Nd7 13. Rc1 Qb8 14. Qd2 e5 15. Bh3 f5 16. d4 e4 17. Ng5 Qd6 1/2-1/2

[Event "IX Torneo GM"]
[Site "Banja Luka BIH"]
[Date "2008.09.29"]
[Round "1"]
[White "Drasko, M."]
[Black "Heberla, B."]
[Result "1/2-1/2"]
[WhiteElo "2508"]
[BlackElo "2510"]
[PlyCount "28"]
[EventDate "2008.09.29"]
[Source "www.chesslib.no"]
[SourceDate "2004.05.04"]

1. Nf3 Nf6 2. g3 b5 3. Bg2 Bb7 4. Na3 b4 5. Nc4 c5 6. a3 d5 7. Nce5 bxa3 8. Ng5 Qc7 9. d4 cxd4 10. Ngxf7 Nc6 11. Rxa3 Nxe5 12. Nxh8 Ned7 13. g4 e5 14. Rh3 Bb4+ 1/2-1/2

[Event "Erandio (open)"]
[Site "?"]
[Date "2003.12.24"]
[Round "5.1"]
[White "Mirzoev Azer"]
[Black "Veingold Aleksandr"]
[Result "1/2-1/2"]
[WhiteElo "2538"]
[BlackElo "2478"]
[PlyCount "25"]
[EventDate "2003.??.??"]
[Source "www.chesslib.no"]
[SourceDate "2004.05.04"]

1. Nf3 Nf6 2. g3 b5 3. Bg2 Bb7 4. O-O e6 5. d3 c5 6. a4 a6 7. e4 d6 8. Nc3 b4 9. Ne2 Nc6 10. b3 g6 11. Bb2 Bg7 12. Nd2 O-O 13. Rb1 1/2-1/2

[Event "Oxford GM-A"]
[Site "Oxford"]
[Date "1998.12.17"]
[Round "4"]
[White "Rowson, Jonathan"]
[Black "Wells, Peter K"]
[Result "1/2-1/2"]
[WhiteElo "2495"]
[BlackElo "2515"]
[PlyCount "45"]
[EventDate "1998.12.14"]
[Source "ChessBase"]
[SourceDate "1999.04.01"]

1. Nf3 Nf6 2. g3 b5 3. Bg2 Bb7 4. O-O e6 5. d3 d5 6. c4 bxc4 7. dxc4 c6 8. Nc3 Be7 9. Bf4 O-O 10. Rc1 Nbd7 11. Ne5 Nxe5 12. Bxe5 Qa5 13. cxd5 cxd5 14. Qa4 Qxa4 15. Nxa4 Rfc8 16. Rfd1 Bc6 17. Nc3 a5 18. Bd4 Rab8 19. Rc2 Ba4 20. b3 Bd7 21. Be5 Rb4 22. Rdc1 Kf8 23. e3 1/2-1/2

[Event "FRA-chT"]
[Site "FRA"]
[Date "1998.02.06"]
[Round "1"]
[White "Roos, Daniel"]
[Black "Komarov, Dimitri"]
[Result "1/2-1/2"]
[WhiteElo "2430"]
[BlackElo "2580"]
[PlyCount "38"]
[EventDate "1998.02.06"]
[Source "ChessBase"]
[SourceDate "1998.07.07"]

1. Nf3 Nf6 2. g3 b5 3. Bg2 Bb7 4. O-O e6 5. d3 Be7 6. e4 d6 7. a4 a6 8. Nbd2 O-O 9. Qe2 c5 10. e5 dxe5 11. Nxe5 Bxg2 12. Kxg2 Qd5+ 13. Ndf3 Nbd7 14. Bf4 Nxe5 15. Bxe5 Nd7 16. Qe4 Rfe8 17. Rae1 Qxe4 18. Rxe4 Nf6 19. Bxf6 Bxf6 1/2-1/2

[Event "Spring Open"]
[Site "Budapest HUN"]
[Date "1991.??.??"]
[Round "5"]
[White "Loginov, Valery A"]
[Black "Timoshenko, Georgy"]
[Result "1/2-1/2"]
[WhiteElo "2530"]
[BlackElo "2475"]
[PlyCount "119"]
[EventDate "1991.03.??"]
[Source "www.chesslib.no"]
[SourceDate "2004.05.04"]

1. Nf3 Nf6 2. g3 b5 3. Bg2 Bb7 4. Na3 b4 5. Nc4 a5 6. O-O e6 7. a3 d5 8. Nce5 Nbd7 9. d4 Be7 10. axb4 axb4 11. Bd2 c5 12. dxc5 Bxc5 13. Nd3 Qb6 14. Rxa8+ Bxa8 15. c3 b3 16. Nxc5 Nxc5 17. Be3 Nfd7 18. Qd4 O-O 19. Ra1 Qb5 20. Qb4 Qxb4 21. cxb4 Ne4 22. Nd4 e5 23. Nxb3 f5 24. Nc5 Ndxc5 25. Bxc5 Rc8 26. f4 exf4 27. gxf4 Bc6 28. Bxe4 dxe4 29. Ra7 Rd8 30. Be3 Rd7 31. Ra5 Rd5 32. Kf2 Rxa5 33. bxa5 Kf7 34. a6 Ke6 35. Ke1 Kd5 36. b3 Bb5 37. a7 Bc6 38. Kd2 g6 39. Kc3 Ba8 40. Kb4 Kd6 41. Kb5 Kd7 42. Kc5 Ke6 43. Bd4 h5 44. e3 Kd7 45. b4 Ke6 46. b5 Kd7 47. Bf6 Ke6 48. Kb6 Kd7 49. Bg5 Kc8 50. Be7 Kd7 51. Bf8 Kc8 52. Kc5 Kd7 53. Kd4 Ke6 54. Bb4 Bb7 55. a8=Q Bxa8 56. Kc5 Kd7 57. Kb6 Kc8 58. Bc3 Bb7 59. Be5 Ba8 60. h4 1/2-1/2

[Event "Open, Ubeda ESP"]
[Site "?"]
[Date "2001.??.??"]
[Round "5"]
[White "Fominyh, A."]
[Black "Pogorelov, R."]
[Result "1-0"]
[WhiteElo "2580"]
[BlackElo "2425"]
[PlyCount "127"]
[EventDate "2001.??.??"]
[Source "www.chesslib.no"]
[SourceDate "2004.05.04"]

1. Nf3 Nf6 2. g3 b5 3. Na3 a6 4. c4 c6 5. b3 d6 6. Bg2 e5 7. O-O Nbd7 8. Bb2 Bb7 9. Nc2 Be7 10. d4 e4 11. Nd2 d5 12. c5 O-O 13. f3 exf3 14. exf3 Re8 15. a4 Bf8 16. Rf2 g6 17. Nf1 Bg7 18. Bc1 Nf8 19. Bf4 Ne6 20. Bd6 a5 21. axb5 cxb5 22. Nfe3 b4 23. Bf1 Bc6 24. Ng2 Nc7 25. Nf4 Nb5 26. Bxb5 Bxb5 27. Be5 Bh6 28. Ne1 Bxf4 29. Bxf4 Nh5 30. Be5 f6 31. Bd6 Ng7 32. g4 Re3 33. Bf4 Re6 34. Ng2 Qe8 35. Qd2 g5 36. Bc7 Rea6 37. Ne3 Qc6 38. Bd6 R6a7 39. f4 h6 40. fxg5 fxg5 41. Rf6 Rf7 42. Rxf7 Kxf7 43. Qg2 Re8 44. Qxd5+ Qxd5 45. Nxd5 Re4 46. Be5 Rxg4+ 47. Kf2 Nf5 48. Rxa5 Bc6 49. Ra7+ Kf8 50. Ne3 Nxe3 51. Kxe3 Rg1 52. Ra6 Bd5 53. c6 Rc1 54. c7 Ke7 55. Rxh6 Bxb3 56. Rh7+ Bf7 57. d5 b3 58. d6+ Ke6 59. d7 Kxd7 60. Rxf7+ Ke6 61. Rf8 b2 62. Bxb2 Rxc7 63. Rf6+ Ke7 64. Rf2 1-0

[Event "Memorial M.Chigorin"]
[Site "Sochi RUS"]
[Date "1979.??.??"]
[Round "?"]
[White "Kirov, Nino"]
[Black "Suetin, Alexei S"]
[Result "1/2-1/2"]
[WhiteElo "2465"]
[BlackElo "2535"]
[PlyCount "24"]
[EventDate "1979.??.??"]
[Source "www.chesslib.no"]
[SourceDate "2004.05.04"]

1. Nf3 Nf6 2. g3 b5 3. Bg2 Bb7 4. O-O e6 5. d3 c5 6. e4 d6 7. Re1 Be7 8. a4 b4 9. Nbd2 O-O 10. Nc4 Nbd7 11. Bf4 Ne8 12. a5 Rb8 1/2-1/2

[Event "Balaton GM"]
[Site "?"]
[Date "2001.09.06"]
[Round "5"]
[White "Badea Bela"]
[Black "Cao Sang"]
[Result "0-1"]
[WhiteElo "2487"]
[BlackElo "2511"]
[PlyCount "82"]
[EventDate "2001.??.??"]
[Source "www.chesslib.no"]
[SourceDate "2004.05.04"]

1. Nf3 Nf6 2. g3 b5 3. a4 b4 4. Bg2 d5 5. O-O e6 6. d3 Bb7 7. Nbd2 c5 8. e4 Nc6 9. Re1 Be7 10. Qe2 O-O 11. e5 Nd7 12. Nf1 Rc8 13. h4 Qc7 14. N1h2 Ba6 15. Bg5 Bxg5 16. hxg5 Nd4 17. Qd1 b3 18. cxb3 Qb6 19. Ra3 Rb8 20. Bf1 Nxb3 21. Re2 Qb4 22. Rc2 Rfc8 23. Rc3 Na5 24. Rc2 Rc7 25. Qc1 Rcb7 26. Qe3 Nc6 27. Kg2 Qa5 28. Ng4 Rb4 29. Kh3 Ne7 30. Qd2 Ng6 31. Be2 Qb6 32. a5 Qd8 33. Bd1 Bb5 34. b3 Bxd3 35. Qxd3 Rxg4 36. Qe3 Re4 37. Qd2 Ngxe5 38. Nh2 Rd4 39. Qe2 Qxg5 40. f4 Qf5+ 41. Kg2 Ng6 0-1

[Event "Campionato europeo 2007"]
[Site "Dresda GER"]
[Date "2007.04.06"]
[Round "4.79"]
[White "Gasthofer, Alexander"]
[Black "Arutinian, David"]
[Result "0-1"]
[WhiteElo "2453"]
[BlackElo "2544"]
[PlyCount "141"]
[EventDate "2007.04.03"]
[Source "www.chesslib.no"]
[SourceDate "2004.05.04"]

1. Nf3 Nf6 2. g3 b5 3. Bg2 Bb7 4. b3 c5 5. c4 a6 6. O-O e6 7. e3 Be7 8. Qe2 Qb6 9. Nc3 Bc6 10. Rd1 b4 11. Nb1 O-O 12. d3 d6 13. a4 Bb7 14. Bb2 Nc6 15. Qc2 Na5 16. Nbd2 Rac8 17. e4 Nd7 18. Nf1 Bf6 19. Bxf6 Nxf6 20. Ne3 Nd7 21. Rd2 Nc6 22. Qb2 Nde5 23. Rad1 Nxf3+ 24. Bxf3 f5 25. Nc2 fxe4 26. Bxe4 Ne5 27. Ne1 Nc6 28. Nc2 e5 29. Rf1 Rf6 30. f3 Rcf8 31. Rdf2 Kh8 32. Kg2 Qc7 33. Ne3 Nd4 34. Nc2 Ne6 35. Qc1 Qd7 36. Qd2 d5 37. cxd5 Bxd5 38. Ne3 Bxb3 39. Ng4 Bxa4 40. Qa2 Bb5 41. Nxf6 gxf6 42. Rc1 f5 43. Bd5 Nd4 44. Rxc5 Qd6 45. Rc1 Bxd3 46. Bc4 Rc8 47. Rd2 b3 48. Bxb3 Rxc1 49. Rxd3 Rc8 50. Qd2 Rd8 51. Ba2 h6 52. Qe3 Kg7 53. Rd2 Rd7 54. Bb1 Qf6 55. Ba2 Rd6 56. Bc4 Rc6 57. Bd5 Rc5 58. Ba2 Qd6 59. Bb1 Rb5 60. Ba2 Kg6 61. Kf2 Qb6 62. Kg2 Rb2 63. g4 Rxd2+ 64. Qxd2 fxg4 65. Qd3+ Kf6 66. Kg3 gxf3 67. Qh7 Nf5+ 68. Kh3 Qf2 69. Qf7+ Kg5 70. Qg8+ Kf4 71. Qg4+ 0-1

[Event "Parnu-B"]
[Site "Parnu"]
[Date "1996.??.??"]
[Round "6"]
[White "Kengis, Edvins"]
[Black "Veingold, Aleksandr"]
[Result "1/2-1/2"]
[WhiteElo "2570"]
[BlackElo "2425"]
[PlyCount "23"]
[EventDate "1996.02.??"]
[Source "ChessBase"]

1. Nf3 Nf6 2. g3 b5 3. d4 e6 4. Nbd2 Bb7 5. Nb3 d6 6. Bg5 Nbd7 7. a4 b4 8. Bg2 a5 9. Bxf6 Nxf6 10. O-O Be7 11. c3 bxc3 12. bxc3 1/2-1/2

[Event "IBM"]
[Site "Amsterdam"]
[Date "1975.??.??"]
[Round "15"]
[White "Kavalek, Lubomir"]
[Black "Makarichev, Sergey"]
[Result "0-1"]
[WhiteElo "2555"]
[BlackElo "2440"]
[PlyCount "104"]
[EventDate "1975.??.??"]
[Source "ChessBase"]

1. Nf3 Nf6 2. g3 b5 3. a4 b4 4. Bg2 Bb7 5. O-O e6 6. d3 Be7 7. e4 d6 8. Nbd2 O-O 9. Re1 Nbd7 10. Nc4 a5 11. Nfd2 d5 12. e5 Ne8 13. Nf1 c5 14. Ncd2 Qb6 15. Nf3 f5 16. exf6 Bxf6 17. Ne3 Nd6 18. Ng4 Rae8 19. Nxf6+ Rxf6 20. Bg5 Rff8 21. Bf4 Nf7 22. Ne5 Nfxe5 23. Bxe5 Rf5 24. f4 Nxe5 25. Rxe5 Rxe5 26. fxe5 d4 27. b3 Bxg2 28. Kxg2 Rf8 29. Qe2 Qb7+ 30. Kg1 Qf7 31. Re1 g5 32. h3 Qf5 33. Qg2 Kg7 34. Re4 Kg6 35. h4 Qf3 36. Qxf3 Rxf3 37. Kg2 Re3 38. Rxe3 dxe3 39. hxg5 Kxg5 40. Kf3 Kf5 41. Kxe3 Kxe5 42. Ke2 Kd4 43. Kd2 e5 44. Ke2 e4 45. dxe4 Kxe4 46. Kf2 Kd4 47. Ke2 c4 48. bxc4 Kxc4 49. Kd2 Kd4 50. Ke2 Kc3 51. Kd1 h5 52. Kc1 b3 0-1

[Event "Canete"]
[Site "Canete"]
[Date "1994.??.??"]
[Round "4"]
[White "Garcia Palermo, Carlos H"]
[Black "Campora, Daniel H"]
[Result "0-1"]
[WhiteElo "2460"]
[BlackElo "2535"]
[PlyCount "64"]
[EventDate "1994.05.??"]
[Source "www.chesslib.no"]
[SourceDate "2004.05.04"]

1. Nf3 Nf6 2. g3 b5 3. Bg2 Bb7 4. O-O e6 5. b3 Be7 6. Bb2 O-O 7. e3 c5 8. Qe2 Qc7 9. Rd1 a6 10. c4 Nc6 11. Na3 bxc4 12. Nxc4 a5 13. e4 d5 14. exd5 exd5 15. Ne3 d4 16. Nf5 Rfe8 17. Nxe7+ Rxe7 18. Qc4 Nd7 19. Rac1 Rae8 20. Qb5 Na7 21. Qd3 Qb8 22. Ng5 g6 23. Bxb7 Qxb7 24. Qf3 Qb6 25. d3 Nc6 26. Ba3 h6 27. Ne4 Nce5 28. Qf4 Nxd3 29. Rxd3 Rxe4 30. Qxh6 Re1+ 31. Rxe1 Rxe1+ 32. Kg2 Qc6+ 0-1

[Event "FRA Ch Top 16 Poule Basse"]
[Site "?"]
[Date "2005.05.04"]
[Round "8"]
[White "Motwani Paul"]
[Black "Guidarelli Laurent"]
[Result "1/2-1/2"]
[WhiteElo "2543"]
[BlackElo "2448"]
[PlyCount "52"]
[EventDate "2005.??.??"]
[Source "www.chesslib.no"]
[SourceDate "2004.05.04"]

1. Nf3 Nf6 2. g3 b5 3. Bg2 Bb7 4. O-O e6 5. d3 d6 6. c4 bxc4 7. dxc4 c5 8. Nc3 Be7 9. Qc2 Nc6 10. Rd1 O-O 11. a3 h6 12. Rb1 Qc7 13. h3 Rfd8 14. e4 Nd7 15. Ne2 Rac8 16. Be3 e5 17. Nc3 Nd4 18. Qd3 a5 19. Nd2 Re8 20. Nb5 Qd8 21. b3 Nb8 22. h4 Nbc6 23. Nc3 Rb8 24. Bh3 Ne6 25. Nd5 Ncd4 26. Kg2 Bc8 1/2-1/2

[Event "2. Bundesliga West 0304"]
[Site "Germany"]
[Date "2003.11.23"]
[Round "3.1"]
[White "Schebler, Gerhard"]
[Black "Pedersen, Nicolai Vesterbaek"]
[Result "1-0"]
[WhiteElo "2480"]
[BlackElo "2510"]
[PlyCount "111"]
[EventDate "2003.12.14"]
[Source "Roberto Alvarez"]
[SourceDate "2004.01.26"]

1. Nf3 Nf6 2. g3 b5 3. Bg2 Bb7 4. c3 e6 5. Qb3 a6 6. a4 c5 7. d3 Qb6 8. axb5 axb5 9. Rxa8 Bxa8 10. Na3 Bc6 11. O-O Qb7 12. Bf4 d6 13. Nh4 Nd5 14. Bxd5 exd5 15. Nf5 Qd7 16. Ne3 Qb7 17. Ra1 g6 18. c4 bxc4 19. Qxb7 Bxb7 20. dxc4 d4 21. Nd5 Nc6 22. Nb5 Kd7 23. b3 h6 24. g4 f5 25. gxf5 gxf5 26. Kf1 Ne5 27. Ra7 Kc6 28. Nbc7 Be7 29. Nxe7+ Kxc7 30. Nxf5 Rf8 31. Rxb7+ Kxb7 32. Nxd6+ Kc6 33. Bxe5 Ra8 34. Nb5 Ra1+ 35. Kg2 Rb1 36. Bxd4 cxd4 37. Nxd4+ Kd6 38. f4 Rb2 39. Kg3 Rd2 40. e3 Rd3 41. Kf3 Rd2 42. h3 Rh2 43. Kg3 Rb2 44. Kg4 Rg2+ 45. Kh5 Kd7 46. h4 Rg1 47. c5 Re1 48. c6+ Kd8 49. f5 Rxe3 50. Ne6+ Ke7 51. c7 Kd7 52. Kxh6 Kc8 53. h5 Rxb3 54. f6 Rf3 55. Kg6 Rg3+ 56. Ng5 1-0

[Event "Walsall"]
[Site "?"]
[Date "1997.??.??"]
[Round "5"]
[White "Dunnington Angus"]
[Black "Arkell Keith"]
[Result "1/2-1/2"]
[WhiteElo "2445"]
[BlackElo "2545"]
[PlyCount "29"]
[EventDate "1997.??.??"]
[Source "www.chesslib.no"]
[SourceDate "2004.05.04"]

1. Nf3 Nf6 2. g3 b5 3. Bg2 Bb7 4. O-O e6 5. d3 d5 6. Nbd2 Nbd7 7. e4 dxe4 8. Ng5 Rb8 9. Ndxe4 h6 10. Nxf6+ Nxf6 11. Ne4 Nxe4 12. dxe4 Qxd1 13. Rxd1 Bc5 14. Bf4 Rc8 15. a4 1/2-1/2

[Event "It Resort and Casino"]
[Site "Decameron"]
[Date "2003.12.10"]
[Round "8"]
[White "Dominiguez, Jose M"]
[Black "Nisipeanu, Liviu Dieter"]
[Result "1/2-1/2"]
[WhiteElo "2313"]
[BlackElo "2675"]
[PlyCount "91"]
[EventDate "2003.12.06"]
[Source "Roberto Alvarez"]
[SourceDate "2003.12.15"]

1. Nf3 Nf6 2. g3 b5 3. a4 b4 4. Bg2 Bb7 5. O-O e6 6. a5 Be7 7. c3 O-O 8. d3 d5 9. Nbd2 Ba6 10. Nb3 bxc3 11. bxc3 c5 12. Bf4 Nc6 13. Ne5 Nxe5 14. Bxe5 Rc8 15. Nc1 Bd6 16. Bxd6 Qxd6 17. Qc2 Rfd8 18. Re1 h5 19. Qd2 g6 20. d4 cxd4 21. cxd4 Ne4 22. Qe3 Rc3 23. Nd3 Bxd3 24. exd3 Nf6 25. Rec1 Rdc8 26. Rxc3 Rxc3 27. h3 Ra3 28. Rxa3 Qxa3 29. Qe5 Qc1+ 30. Bf1 Nd7 31. Qd6 Qc8 32. Be2 Nb8 33. Bd1 Nc6 34. Qc5 Qb7 35. Ba4 Qb1+ 36. Kg2 Nb4 37. Qxa7 Nxd3 38. Be8 Ne1+ 39. Kf1 Nf3+ 40. Kg2 Ng5 41. h4 Qe4+ 42. Kf1 Qd3+ 43. Kg1 Qd1+ 44. Kh2 Nf3+ 45. Kg2 Ne1+ 46. Kh2 1/2-1/2

[Event "Andorra Open"]
[Site "Andorra"]
[Date "1991.??.??"]
[Round "?"]
[White "Slipak, Sergio"]
[Black "Krasenkow, Michal"]
[Result "0-1"]
[WhiteElo "2415"]
[BlackElo "2570"]
[PlyCount "62"]
[EventDate "1991.06.??"]
[Source "www.chesslib.no"]
[SourceDate "2004.05.04"]

1. Nf3 Nf6 2. g3 b5 3. Na3 b4 4. Nc4 e6 5. Bg2 d5 6. Nce5 Bd6 7. b3 Qe7 8. Bb2 O-O 9. O-O Bb7 10. c4 bxc3 11. dxc3 Rd8 12. Qc1 c5 13. c4 d4 14. e3 Bxe5 15. Nxe5 Bxg2 16. Kxg2 Nc6 17. Nxc6 Qb7 18. exd4 cxd4 19. Qf4 Qxc6+ 20. Kg1 Ne4 21. Rad1 Nc3 22. Bxc3 dxc3 23. Qe3 c2 24. Rxd8+ Rxd8 25. Qe2 h5 26. h4 g5 27. Qxh5 Qc5 28. b4 Qf5 29. Qe2 Qd3 30. Qe1 Qxf1+ 31. Kxf1 Rd1 0-1

[Event "Lone Pine op"]
[Site "Lone Pine"]
[Date "1975.??.??"]
[Round "6"]
[White "Csom, Istvan"]
[Black "Robatsch, Karl"]
[Result "1/2-1/2"]
[WhiteElo "2530"]
[BlackElo "2455"]
[PlyCount "38"]
[EventDate "1975.??.??"]
[Source "ChessBase"]

1. Nf3 Nf6 2. g3 b5 3. Bg2 Bb7 4. d3 d6 5. Nbd2 c5 6. O-O e6 7. a4 a6 8. e4 Nbd7 9. Nb3 Be7 10. Qe1 Rc8 11. axb5 axb5 12. Bd2 O-O 13. Qe2 Qc7 14. Na5 Ba8 15. b4 cxb4 16. Bxb4 Qxc2 17. Qxc2 Rxc2 18. Nd4 Rcc8 19. Nxb5 Nc5 1/2-1/2

[Event "Hastings 7980"]
[Site "Hastings"]
[Date "1979.??.??"]
[Round "11"]
[White "Biyiasas, Peter"]
[Black "Makarichev, Sergey"]
[Result "1/2-1/2"]
[WhiteElo "2485"]
[BlackElo "2500"]
[PlyCount "84"]
[EventDate "1979.12.??"]
[Source "ChessBase"]

1. Nf3 Nf6 2. g3 b5 3. a4 b4 4. Bg2 Bb7 5. O-O e6 6. d3 Be7 7. e4 d6 8. Nbd2 O-O 9. b3 c5 10. Bb2 Nfd7 11. Qe2 Nc6 12. Rae1 Bf6 13. Bxf6 Qxf6 14. Nc4 Qe7 15. Nh4 Nd4 16. Qd2 Ne5 17. f4 Nxc4 18. dxc4 Rad8 19. f5 Kh8 20. Rf2 Rg8 21. Ref1 exf5 22. Nxf5 Nxf5 23. exf5 Bxg2 24. f6 gxf6 25. Kxg2 d5 26. cxd5 Qe4+ 27. Kg1 Rxd5 28. Qh6 Qg6 29. Qxg6 fxg6 30. Rxf6 Rd2 31. R1f2 Rgd8 32. Rxd2 Rxd2 33. Rf2 Rd1+ 34. Kg2 c4 35. bxc4 Rd4 36. Rf8+ Kg7 37. Ra8 Rxc4 38. Rxa7+ Kf6 39. Rb7 Rxc2+ 40. Kh3 Rb2 41. a5 h5 42. a6 Ra2 1/2-1/2

[Event "Berlin GER"]
[Site "?"]
[Date "1999.??.??"]
[Round "7"]
[White "Kengis Edvins"]
[Black "Von Herman Ulf"]
[Result "1-0"]
[WhiteElo "2575"]
[BlackElo "2405"]
[PlyCount "77"]
[EventDate "1999.??.??"]
[Source "www.chesslib.no"]
[SourceDate "2004.05.04"]

1. Nf3 Nf6 2. g3 b5 3. c3 e6 4. Qb3 a6 5. a4 b4 6. Bg2 Nc6 7. O-O Rb8 8. Qc2 Be7 9. d4 O-O 10. e4 bxc3 11. bxc3 Na5 12. e5 Nd5 13. Nbd2 f5 14. exf6 Nxf6 15. Ne5 Bb7 16. Bxb7 Nxb7 17. Qd3 Ra8 18. Rb1 Nd6 19. Ndf3 Nf7 20. Nxf7 Rxf7 21. Ne5 Rf8 22. c4 Qe8 23. Qe2 c5 24. dxc5 Bxc5 25. Nd3 Qc8 26. Bf4 Be7 27. Rfc1 Qc6 28. a5 Bd8 29. Ne5 Qc8 30. c5 Bc7 31. c6 Bxe5 32. Bxe5 dxc6 33. Rb6 Nd5 34. Rbxc6 Qd8 35. Qg4 Nf6 36. Qxe6+ Kh8 37. Rc7 Qd3 38. Bxf6 gxf6 39. Re7 1-0

[Event "Budapest FS04 GM"]
[Site "Budapest"]
[Date "1994.??.??"]
[Round "6"]
[White "Loginov, Valery A"]
[Black "Grosar, Aljosa"]
[Result "1/2-1/2"]
[WhiteElo "2540"]
[BlackElo "2435"]
[PlyCount "92"]
[EventDate "1994.04.??"]
[Source "ChessBase"]

1. Nf3 Nf6 2. g3 b5 3. Na3 a6 4. c4 b4 5. Nc2 c5 6. Bg2 Bb7 7. O-O e6 8. d4 cxd4 9. Ncxd4 Qb6 10. a3 Nc6 11. b3 Nxd4 12. Nxd4 Bxg2 13. Kxg2 bxa3 14. Bxa3 Bxa3 15. Rxa3 O-O 16. Qa1 Rfc8 17. Rc1 d5 18. c5 Rxc5 19. Rxa6 Rxa6 20. Rxc5 Qxc5 21. Qxa6 h6 22. e3 e5 23. Qc6 Qb4 24. Qc8+ Qf8 25. Qxf8+ Kxf8 26. Nc6 Nd7 27. f4 f6 28. Kf3 Kf7 29. f5 Nb6 30. Nd8+ Ke7 31. Nb7 Nc8 32. g4 Nd6 33. Nc5 h5 34. h3 hxg4+ 35. hxg4 Kf7 36. Na6 g6 37. fxg6+ Kxg6 38. Nc7 d4 39. exd4 exd4 40. Ne6 f5 41. g5 Ne4 42. b4 Kf7 43. Nxd4 Nxg5+ 44. Ke3 Kf6 45. b5 Ke5 46. Nxf5 Kd5 1/2-1/2

[Event "New York USA"]
[Site "?"]
[Date "1986.??.??"]
[Round "?"]
[White "Benko Pal C"]
[Black "Alburt Lev O"]
[Result "1-0"]
[WhiteElo "2460"]
[BlackElo "2515"]
[PlyCount "112"]
[EventDate "1986.??.??"]
[Source "www.chesslib.no"]
[SourceDate "2004.05.04"]

1. Nf3 Nf6 2. g3 b5 3. Bg2 Bb7 4. O-O g6 5. c3 a5 6. Qb3 Nc6 7. Ne5 Nxe5 8. Bxb7 Rb8 9. Bg2 d5 10. d4 Nc4 11. a4 c6 12. Qc2 Bg7 13. b3 Nd6 14. axb5 Nxb5 15. e3 O-O 16. c4 Nd6 17. Bd2 Ra8 18. Ra4 e6 19. Nc3 Nd7 20. c5 Nb7 21. f4 g5 22. Rfa1 gxf4 23. gxf4 Rb8 24. b4 axb4 25. Rxb4 Qc8 26. Rab1 Nd8 27. Rxb8 Nxb8 28. Qa4 Na6 29. Rb6 Nc7 30. Qa7 f6 31. Rb8 Qd7 32. Ne2 e5 33. f5 Bh6 34. Kh1 Qf7 35. Bf1 Nb5 36. Qa5 Qd7 37. Ng3 Nc7 38. Rb2 Nf7 39. Rb7 Rc8 40. Qc3 Ra8 41. Qb2 Nd8 42. Rb8 Rxb8 43. Qxb8 Ne8 44. dxe5 fxe5 45. Qxe5 Bg7 46. Qf4 Qe7 47. e4 Be5 48. Qe3 Nf6 49. exd5 Nxd5 50. Bc4 Nf7 51. Bxd5 cxd5 52. Bc3 Kf8 53. Kg2 Bxc3 54. Qxc3 Ne5 55. Qd4 Kf7 56. Qxd5+ Kf6 1-0

[Event "Tungsram"]
[Site "Budapest"]
[Date "1977.??.??"]
[Round "?"]
[White "Vadasz, Laszlo"]
[Black "Ostojic, Predrag"]
[Result "1-0"]
[WhiteElo "2495"]
[BlackElo "2480"]
[PlyCount "89"]
[EventDate "1977.08.??"]
[Source "ChessBase"]

1. Nf3 Nf6 2. g3 b5 3. c3 Bb7 4. a4 a6 5. axb5 axb5 6. Rxa8 Bxa8 7. Qb3 Bxf3 8. exf3 c6 9. d4 e6 10. Na3 Nd5 11. Bd3 Be7 12. Nc2 Na6 13. O-O O-O 14. Bd2 Qb6 15. f4 f5 16. Ra1 Nac7 17. Ne3 Rb8 18. Qa2 Ra8 19. Qb1 Ra7 20. b3 b4 21. c4 Nc3 22. Bxc3 bxc3 23. c5 Qb8 24. Rxa7 Qxa7 25. Qe1 Qa5 26. Bc4 Bf6 27. Nc2 Qa2 28. Qxc3 Nd5 29. Bxd5 exd5 30. Kg2 Qb1 31. b4 Qd1 32. b5 cxb5 33. c6 dxc6 34. Qxc6 Kf8 35. Qc8+ Kf7 36. Qxf5 g6 37. Qxd5+ Kg7 38. Qd7+ Kg8 39. Qc8+ Kf7 40. Qb7+ Kg8 41. Qc8+ Kf7 42. Ne3 Qe2 43. f5 Bg5 44. Qe6+ Kg7 45. f6+ 1-0